000 00358nam a2200109Ia 4500
008 230907s9999||||xx |||||||||||||| ||und||
082 _a620.116
_bVOL
100 _aVolfkovich, Yury Mironovich
_9115190
245 0 _aStructural properties of porous materials and powders used in different fields of science and technology /
300 _apages cm
942 _cBK
999 _c597802
_d597802